Word Ladder: Darth Vader Quotes Quiz Stats

Quiz Updated Feb 8, 2018

Challenge
Share
Tweet
Embed
Score 0/30 Timer 03:00
1 Play Today
Clue 4-Letter Word % Correct
✩ I find your ____ of faith disturbing ✩ LACK
97.2%
✩ There is no escape. Don't ____ me destroy you. ✩ MAKE
96.5%
The cord used to tie your shoeLACE
95.8%
✩ Perhaps I can ____ new ways to motivate them. ✩ FIND
95.4%
✩ Obi-Wan has taught you ____. ✩ WELL
94.9%
✩ Escape is not his plan. I must ____ him, alone. ✩ FACE
94.8%
Counterfeit FAKE
94.8%
Place to find coal or a diamondMINE
94.5%
✩ I ____ you she would never consciously betray the Rebellion. ✩ TOLD
93.7%
Payment for using a roadTOLL
93.4%
✩ The plans you refer to ____ soon be back in our hands. ✩ WILL
93.3%
✩ I sense something; a presence I have not ____ since... ✩ FELT
93.2%
✩ You were right about me. ____ your sister; you were right. ✩ TELL
93.2%
Give up on a poker handFOLD
92.8%
✩ Her resistance to the ____ probe is considerable. ✩ MIND
92.2%
Clue 4-Letter Word % Correct
Voice amplifier, for shortMIKE
92%
Droop, like a dying flowerWILT
89.8%
Dropped to the groundFELL
89.4%
Affectionate or lovingFOND
89.3%
Swollen mark left after a blow WELT
89.1%
✩ You are part of the Rebel Alliance and a traitor! ___ her away! ✩ TAKE
87.6%
To rouse from sleepWAKE
85.9%
✩ I ____ every part of this ship checked. ✩ WANT
85.4%
Diminish intensity, like the moonWANE
82.5%
Domesticated, like an animalTAME
81.7%
A long, mournful cryWAIL
80.1%
✩ Don't ____ me again, Admiral. ✩ FAIL
79.2%
Look forward to expectantlyWAIT
77.6%
Teapot Dome scandal's AlbertFALL
75.8%
✩ That ____ no longer has any meaning for me. ✩ NAME
73.7%

Today's Daily Dose

Missing Word
For Dummies Books

Word Ladder
Ariana Grande

Quick Pick
1970s Authors

On This Day
June 21st II

You're not logged in!

Compare scores with friends on all Sporcle quizzes.
Join for Free
OR
Log In

You Might Also Like...

Show Comments

Extras

Top Quizzes Today


Score Distribution

Your Account Isn't Verified!

In order to create a playlist on Sporcle, you need to verify the email address you used during registration. Go to your Sporcle Settings to finish the process.

Report this User

Report this user for behavior that violates our Community Guidelines.

Details: